International express workbook with student's CD

Na minha lista:
Detalhes bibliográficos
Autor principal: Macfarlane, Mike
Formato: Livro
Idioma:inglês
Publicado em: London Oxford University Press 2005
Assuntos:
Tags: Adicionar Tag
Sem tags, seja o primeiro a adicionar uma tag!

MARC

LEADER 00000nam a2200000 4500
001 0149625
005 20240226124611.5
020 |a 978-0-19-457486-0 
041 0 |a eng 
044 |a GB 
245 1 0 |a International express  |b workbook with student's CD  |c Mike Macfarlane 
264 1 |a London  |b Oxford University Press  |c 2005 
300 |a 96 s.  |e audio CD 
610 2 0 |a jazykoveda 
610 2 0 |a jazyky cudzie 
610 2 0 |a obchod 
610 2 0 |a podnikanie 
100 1 |a Macfarlane, Mike